|
|
|
|
| LEADER |
00000nam0a2200000 4500 |
| 001 |
271487 |
| 005 |
20231101234436.0 |
| 020 |
|
|
|a RU
|b 87-9842
|
| 035 |
|
|
|a (RuTPU)RU\TPU\book\294669
|
| 090 |
|
|
|a 271487
|
| 100 |
|
|
|a 20141008d1986 k y0rusy5003 ca
|
| 101 |
0 |
|
|a rus
|
| 102 |
|
|
|a RU
|
| 105 |
|
|
|a y z 001zy
|
| 200 |
1 |
|
|a Краевые задачи и структура решений дифференциальных уравнений
|e межвузовский сборник научных трудов
|f Куйбышевский государственный педагогический институт (КГПИ) ; под ред. В. Ф. Волкодавова
|
| 210 |
|
|
|a Куйбышев
|c Изд-во КГПИ
|d 1986
|
| 215 |
|
|
|a 160 с.
|
| 320 |
|
|
|a Библиография в конце статей
|
| 606 |
1 |
|
|a Алгебра
|x Задачи
|x Решение
|x Численные методы
|2 stltpush
|3 (RuTPU)RU\TPU\subj\1725
|9 30430
|
| 606 |
1 |
|
|a Дифференциальные уравнения
|x Качественная теория
|2 stltpush
|3 (RuTPU)RU\TPU\subj\9696
|9 36878
|
| 610 |
1 |
|
|a краевые задач
|
| 610 |
1 |
|
|a решение
|
| 610 |
1 |
|
|a структура
|
| 610 |
1 |
|
|a частные производные
|
| 610 |
1 |
|
|a качественная теория
|
| 675 |
|
|
|a 517.91
|z rus
|v 4
|
| 675 |
|
|
|a 519.61
|z rus
|v 4
|
| 702 |
|
1 |
|a Волкодавов
|b В. Ф.
|g Виктор Филиппович
|4 340
|
| 712 |
0 |
2 |
|a Куйбышевский государственный педагогический институт (КГПИ)
|c (1935-1991)
|2 stltpush
|3 (RuTPU)RU\TPU\col\13408
|
| 801 |
|
0 |
|a RU
|b RuMRKP
|c 19950417
|g psbo
|
| 801 |
|
1 |
|a RU
|b 63413507
|c 20141008
|
| 801 |
|
2 |
|a RU
|b 63413507
|c 20170309
|g RCR
|
| 942 |
|
|
|c BK
|